Pays modernes de l'Empire carolingien sur une carte. - Statistiques

Statistiques générales
  • Ce quiz a été pris 1 012 fois
    722 depuis la dernière actualisation
  • Le résultat moyen est 16 sur 16
Réponses sur la Carte
Les réponses sont colorées sur une échelle allant du rouge au vert en fonction du pourcentage des utilisateurs qui les ont devinées à leur premier essai. Vous pouvez retrouver ces pourcentages ci-dessous.
 
Statistiques - réponses
Pays % Correct
Allemagne
100%
Belgique
100%
Espagne
100%
France
100%
Italie
100%
Suisse
100%
Autriche
99%
Luxembourg
99%
Pays-Bas
99%
Andorre
98%
Monaco
98%
Vatican
97%
Saint-Marin
96%
Croatie
95%
Liechtenstein
95%
Slovénie
94%
Aucun quiz correspondant
Distribution des résultats
% des personnes avec chaque résultat
Percentile par nombre de réponses
Votre historique - résultats
Vous n’avez pas pris ce quiz depuis la dernière actualisation